000 01059cam a22003377a 4500
003 CHAP
005 20220329142245.0
008 000330d1995 us r 00010 eng d
010 _a80638
011 _a81610
020 _a0824791002
035 _a92084
040 _cCHAP
082 0 4 _a630.24
_bT3
100 0 0 _aTadros, Tharwat F.
_9111329
245 1 0 _aSurfactants in agrochemicals
_c/by Tharwat F. Tadros
260 _aNew York :
_bMarcel Dekker,
_c1995.
300 _a264 p. :
_bgráfs.
490 0 _aSurfacton science series
_v; 54
590 _aBATCH-UPD
_b10
_c20130110
_lUCH01
_h1453
590 _aBATCH-UPD
_b10
_c20130410
_lUCH01
_h0919
590 _aBATCH-UPD
_b10
_c20130914
_lUCH01
_h1950
590 _aCONVERSION
_b10
_c20130109
_lUCH01
_h1345
650 1 4 _aQuímica agrícola.
_993576
650 1 4 _aSurfactantes.
_9110770
830 0 0 _aSurfacton science series
_v; 54
_9110771
901 _aBK
905 _aLilia Sánchez G.
942 _cLIBRO
949 _a630.24 T3
_bBC
_cLIBRO
_d33724000753232
_eLIBRO
_gI.202819
_h97639
_i92084
_si
_t$1.640.00
999 _c80638
_d80638